Online Catalogue and eLibrary

Soduriya ithin samuganimi (Record no. 5314)

MARC details
000 -LEADER
fixed length control field 00398nam a2200157Ia 4500
005 - DATE AND TIME OF LATEST TRANSACTION
control field 20250430055116.0
008 - FIXED-LENGTH DATA ELEMENTS--GENERAL INFORMATION
fixed length control field 240331s9999 xx 000 0 und d
020 ## - INTERNATIONAL STANDARD BOOK NUMBER
ISBN 9559367439
082 ## - DDC Classification
Item Number - Author Mark RAS
Class No. 891
100 ## - MAIN ENTRY--PERSONAL NAME
Personal name Rasnac,B
245 #0 - TITLE STATEMENT
Title Soduriya ithin samuganimi
260 ## - PUBLICATION, DISTRIBUTION, ETC.
Place of publication, distribution, etc. Divulapitiya
Name of publisher, distributor, etc. Saraswathi Publications
Date of publication, distribution, etc. 1999
300 ## - PHYSICAL DESCRIPTION
Extent (e.g. Volumes, Pages etc.) 214 p .,
500 ## - GENERAL NOTE
General note A Study on Tobacco Abuse
942 ## - Koha item type (Biblio)
Koha item type Books in Stacks (Lending)
Holdings
Lost status Damaged status Collection code Home library Current library Shelving location Date acquired Full call number Accession Number Item type
    Lending WERC Library WERC Library Social Science Cupboard 03/31/2024 891.811 RAS 6315 Books in Stacks (Lending)

© WERC Library